000 01758nam a2200517 i 4500
001 10260
003 KOSZ 005
005 20200424121532.0
008 971010s1989 pl a |001 0 pol
015 _aUWD 1989/2748
020 _a8320410304
035 _a991002593999705066
035 _a(PL-WaBN)b10710644-48omnis_nlop
035 _ab10710644
035 _a(OCoLC)830079395
035 _a(PL)b0000001071064
035 _a(EXLNZ-48OMNIS_NETWORK)9910189774305606
040 _aWA N
_cWA N
_bKOSZ 005/AR
041 _apol
044 _apl
046 _k1989
080 _a519.2
080 _a519.24
080 _a519.6
100 1 _aKoronacki, Jacek
_d(1945- )
_eAutor
245 1 0 _aAproksymacja stochastyczna :
_bmetody optymalizacji w warunkach losowych /
_cJacek Koronacki.
260 _aWarszawa :
_bWydawnictwa Naukowo-Techniczne,
_c1989.
300 _a220, [4] strony :
_bilustracje. ;
_c24 cm.
336 _2Tekst
_atxt
_brdacontent
337 _aBez urządzenia pośredniczącego
_bn
_2rdamedia
338 _aWolumin
_2nc
_brdacarrier
380 _aKsiążki
380 _aPublikacje fachowe
388 _a1901-2000
388 _a1945-1989
504 _aBibliografia na s. 210-217. Indeks.
521 _aKsiążka jest przeznaczona dla inżynierów, ekonomistów, matematyków zajmujących się zastosowaniami probabilistycznymi.
650 7 _aAproksymacja
_2DBN
650 7 _aRachunek prawdopodobieństwa
_2DBN
650 7 _aOptymalizacja
658 _aMatematyka
710 2 _aWydawnictwa Naukowo-Techniczne
_4pbl
856 _uhttp://koha.tu.koszalin.pl/cgi-bin/koha/opac-detail.pl?biblionumber=10260
_yKatalog online BPK
942 _2UKD
_cKS
999 _c10260
_d10260